000 00832cab a2200241 4500
001 WB3014-81
008 090401t1994 xxu||||| |||| 00| 0 eng d
035 _a(Sirsi) u24437
041 _aeng
245 _aTough line on guilty architects
260 _c1994
350 _a0
490 _aBuilding
_v259(7838) 8 April 1994, 10(1)
520 _aGovernment is urged to introduce legislation to impose tough sanctions on architects found guilty of professional malpractice and to stop consultants misleading the public into thinking they are registered architects.
650 _aARCHITECTS
650 _aARCHITECTURAL REGISTRATION
650 _aARCUK
650 _aNEGLIGENCE
650 _aPROFESSIONAL MALPRACTICE
690 _aMANAGEMENT-BUSINESS MANAGEMENT-PROFESSIONAL PRACTICE
942 _n0
948 _c04/03/1997
999 _c16387
_d16387